[Event "Moscow Time of the First U13"]
[Site "Moscow"]
[Date "2019.06.20"]
[Round "6"]
[White "Isaykin, Valery"]
[Black "Arutyunyan, German"]
[Result "1-0"]
[WhiteElo "1483"]
[BlackElo "1636"]
[PlyCount "53"]
[EventDate "2019.06.17"]
[EventType "swiss"]
[EventRounds "9"]
[EventCountry "RUS"]
[SourceTitle "EXT 2021"]
[Source "ChessBase"]
[SourceDate "2020.10.23"]
[SourceVersion "1"]
[SourceVersionDate "2020.10.23"]
[SourceQuality "1"]

1. e4 c5 2. Nf3 d6 3. d4 cxd4 4. Nxd4 Nf6 5. Nc3 g6 6. Be3 Bg7 7. f3 Nc6 8. Qd2 Nxd4 9. Bxd4 Be6 10. Bb5+ Bd7 11. Bxd7+ Qxd7 12. 0-0-0 0-0 13. g4 b5 14. h4 h5 15. g5 Ne8 16. f4 e5 17. fxe5 dxe5 18. Bc5 Qg4 19. Bxf8 Bxf8 20. Rhf1 Nc7 21. Qd7 Qxd7 22. Rxd7 Ne6 23. Rfxf7 Nc5 24. Rxa7 Rd8 25. b4 Ne6 26. Nd5 Rc8 27. Nf6+ 1-0